Человек и общество в античном мире

Bibliographische Detailangaben
Sprache:Russisch
Veröffentlicht: Москва, Наука, 1998
Schlagworte:
Format: Buch
KOHA link:https://koha.lib.tpu.ru/cgi-bin/koha/opac-detail.pl?biblionumber=7989

MARC

LEADER 00000nam0a2200000 4500
001 7989
005 20231101204554.0
010 |a 5020095591 
035 |a (RuTPU)RU\TPU\book\8035 
035 |a BOOK00008094 
090 |a 7989 
100 |a 20011209d1998 km y0rusy50 ca 
101 0 |a rus 
102 |a RU 
105 |a a z 000zy 
200 1 |a Человек и общество в античном мире 
210 |a Москва  |c Наука  |d 1998 
215 |a 526 с.  |c ил. 
606 1 |a Античный мир  |x История  |2 stltpush  |3 (RuTPU)RU\TPU\subj\58980  |9 76652 
610 1 |a история 
610 1 |a античная история 
610 1 |a человек 
610 1 |a общество 
610 1 |a Древний мир 
610 1 |a Древняя Греция 
686 |a Т3(0)32  |v LBC/SL-A  |2 rubbk 
801 0 |a RU  |b 63413507  |c 20011209  |g PSBO 
801 2 |a RU  |b 63413507  |c 20230324  |g PSBO 
900 |a Основы физиогномики и кинесики 
942 |c BK